[Event "Liege Soultanbeieff op"]
[Site "Liege"]
[Date "2012.04.13"]
[Round "9"]
[White "Laouar, Hassen"]
[Black "Giordano, Francesco"]
[Result "0-1"]
[WhiteElo "1435"]
[BlackElo "1273"]
[PlyCount "48"]
[EventDate "2012.01.27"]
[EventType "swiss"]
[EventRounds "9"]
[EventCountry "BEL"]
[SourceTitle "EXT 2013"]
[Source "ChessBase"]
[SourceDate "2012.11.22"]
[SourceVersion "1"]
[SourceVersionDate "2012.11.22"]
[SourceQuality "1"]

1. e4 e5 2. Nf3 Nc6 3. Nc3 Nf6 4. Be2 Be7 5. Bb5 d6 6. Bxc6+ bxc6 7. d3 0-0 8. h3 Re8 9. 0-0 h6 10. Ne2 Bf8 11. Ng3 d5 12. Nf5 dxe4 13. dxe4 Nxe4 14. N3h4 Qxd1 15. Rxd1 g5 16. f3 Nf6 17. Rd3 gxh4 18. Nxh4 Be6 19. Be3 e4 20. Rc3 exf3 21. Nxf3 Bd5 22. Bd4 Bg7 23. Ne5 Ne4 24. Nxf7 Bxd4+ 0-1

[Event "Liege Soultanbeieff op"]
[Site "Liege"]
[Date "2012.04.06"]
[Round "8"]
[White "Giordano, Francesco"]
[Black "Moch, Jean"]
[Result "1-0"]
[WhiteElo "1273"]
[BlackElo "1195"]
[PlyCount "57"]
[EventDate "2012.01.27"]
[EventType "swiss"]
[EventRounds "9"]
[EventCountry "BEL"]
[SourceTitle "EXT 2013"]
[Source "ChessBase"]
[SourceDate "2012.11.22"]
[SourceVersion "1"]
[SourceVersionDate "2012.11.22"]
[SourceQuality "1"]

1. e4 c5 2. d3 d6 3. Nc3 Nf6 4. g3 Nc6 5. Bg2 e5 6. f4 exf4 7. gxf4 g6 8. Nf3 Bg4 9. 0-0 Bg7 10. h3 Be6 11. Be3 0-0 12. Ne2 Qd7 13. Ng5 Rae8 14. Ng3 h6 15. Nxe6 Rxe6 16. c3 Ne7 17. Qd2 Nh5 18. Nxh5 gxh5 19. f5 Rf6 20. Qe2 b6 21. Qxh5 d5 22. Rf3 dxe4 23. dxe4 Qd3 24. Rg3 Nxf5 25. exf5 Re8 26. Qg4 Rg6 27. fxg6 fxg6 28. Re1 Rf8 29. Qxg6 1-0

[Event "Liege Soultanbeieff op"]
[Site "Liege"]
[Date "2012.03.02"]
[Round "5"]
[White "Evrard, Jean Marie"]
[Black "Giordano, Francesco"]
[Result "1-0"]
[WhiteElo "1150"]
[BlackElo "1273"]
[PlyCount "31"]
[EventDate "2012.01.27"]
[EventType "swiss"]
[EventRounds "9"]
[EventCountry "BEL"]
[SourceTitle "EXT 2013"]
[Source "ChessBase"]
[SourceDate "2012.11.22"]
[SourceVersion "1"]
[SourceVersionDate "2012.11.22"]
[SourceQuality "1"]

1. e4 e5 2. Nf3 Nc6 3. Nc3 Nf6 4. Bb5 a6 5. Ba4 d6 6. d4 b5 7. Bb3 Be6 8. d5 Bd7 9. dxc6 Bxc6 10. Bg5 Be7 11. Bd5 Bxd5 12. Nxd5 c6 13. Nxe7 Qxe7 14. Nh4 h6 15. Nf5 0-0-0 16. Nxe7+ 1-0